000
00196 a2200097 4500
020
_a
9789992463680
041
_a
spa
100
_a
Gallo A.,Pedro R.
245
_a
Codigo Procesal Penal
942
_c
BK
999
_c
10448
_d
10448